000 00501nam a2200169 a 4500
001 000026849
005 20200930030440.0
008 110325s1972 dr a 000 0 spa d
040 _aDO-SdBNP
_bspa
_cBNPHU
100 1 _aPieter, Heriberto
_d1884-
_953965
245 1 0 _aAuto biografĂ­a. /
_cHeriberto Pieter.
260 _aSanto Domingo, :
_b[s.n.],
_c1972.
300 _a215 p. ;
_c22 cm.
440 0 _aPensamiento Dominicano
_v50
_919047
830 0 _aPensamiento Dominicano
_v50
_919047
049 _aBNPD
999 _c26341
_d26341